Clinically oriented anatomy / (Record no. 1523)

MARC details
000 -LEADER
fixed length control field 02106cam a22004934a 4500
001 - CONTROL NUMBER
control field data
005 - DATE AND TIME OF LATEST TRANSACTION
control field 20260322212104.0
007 - PHYSICAL DESCRIPTION FIXED FIELD--GENERAL INFORMATION
fixed length control field data
008 - FIXED-LENGTH DATA ELEMENTS--GENERAL INFORMATION
fixed length control field data
035 ## - SYSTEM CONTROL NUMBER
System control number 13807929
010 ## - LIBRARY OF CONGRESS CONTROL NUMBER
LC control number 2004028886
016 7# - NATIONAL BIBLIOGRAPHIC AGENCY CONTROL NUMBER
Record control number 101235534
Source DNLM
016 7# - NATIONAL BIBLIOGRAPHIC AGENCY CONTROL NUMBER
Record control number 013147873
Source Uk
020 ## - INTERNATIONAL STANDARD BOOK NUMBER
International Standard Book Number 0781736390
Qualifying information pbk.
020 ## - INTERNATIONAL STANDARD BOOK NUMBER
International Standard Book Number 9780781736398
Qualifying information (pbk.)
035 ## - SYSTEM CONTROL NUMBER
System control number (OCoLC)57202439
040 ## - CATALOGING SOURCE
Original cataloging agency DNLM/DLC
Transcribing agency DLC
Modifying agency DLC
-- C#P
-- BAKER
-- MUQ
-- OCL
-- UKM
-- DLC
042 ## - AUTHENTICATION CODE
Authentication code pcc
050 00 - LIBRARY OF CONGRESS CALL NUMBER
Classification number QM23.2
Item number .M67 2006
060 00 - NATIONAL LIBRARY OF MEDICINE CALL NUMBER
Classification number 2005 H-686
060 10 - NATIONAL LIBRARY OF MEDICINE CALL NUMBER
Classification number QS 4
Item number M822c 2006
082 00 - DEWEY DECIMAL CLASSIFICATION NUMBER
Classification number 611
Edition information 22
100 1# - MAIN ENTRY--PERSONAL NAME
Personal name Moore, Keith L.
245 10 - TITLE STATEMENT
Title Clinically oriented anatomy /
Statement of responsibility, etc. Keith L. Moore, Arthur F. Dalley II ; in collaboration with, and with content provided by Anne M.R. Agur ; with the developmental assistance and dedication of Marion E. Moore.
250 ## - EDITION STATEMENT
Edition statement 5th ed.
260 ## - PUBLICATION, DISTRIBUTION, ETC.
Place of publication, distribution, etc. Philadelphia :
Name of publisher, distributor, etc. Lippincott Williams & Wilkins,
Date of publication, distribution, etc. c2006.
300 ## - PHYSICAL DESCRIPTION
Extent xxxiii, 1209 p. :
Other physical details ill. (chiefly col.) ;
Dimensions 28 cm. +
Accompanying material 2 CD-ROMs (4 3/4 in.)
504 ## - BIBLIOGRAPHY, ETC. NOTE
Bibliography, etc. note Includes bibliographical references and index.
505 0# - FORMATTED CONTENTS NOTE
Formatted contents note Thorax -- Abdomen -- Pelvis and perineum -- Back -- Lower limb -- Upper limb -- Head -- Neck -- Cranial nerves.
538 ## - SYSTEM DETAILS NOTE
System details note System requirements for accompanying DVD-ROM: Windows 98/2000/XP compatible.
650 #0 - SUBJECT ADDED ENTRY--TOPICAL TERM
Topical term or geographic name entry element Human anatomy.
650 #0 - SUBJECT ADDED ENTRY--TOPICAL TERM
Topical term or geographic name entry element Anatomy, Pathological.
650 12 - SUBJECT ADDED ENTRY--TOPICAL TERM
Topical term or geographic name entry element Anatomy.
700 1# - ADDED ENTRY--PERSONAL NAME
Personal name Dalley, Arthur F.
700 1# - ADDED ENTRY--PERSONAL NAME
Personal name Agur, A. M. R.
856 41 - ELECTRONIC LOCATION AND ACCESS
Materials specified Table of contents
Uniform Resource Identifier <a href="http://www.loc.gov/catdir/toc/ecip054/2004028886.html">http://www.loc.gov/catdir/toc/ecip054/2004028886.html</a>
856 42 - ELECTRONIC LOCATION AND ACCESS
Materials specified Publisher description
Uniform Resource Identifier <a href="http://www.loc.gov/catdir/enhancements/fy0712/2004028886-d.html">http://www.loc.gov/catdir/enhancements/fy0712/2004028886-d.html</a>
906 ## - LOCAL DATA ELEMENT F, LDF (RLIN)
a 7
b cbc
c orignew
d 1
e ecip
f 20
g y-gencatlg
925 0# -
-- acquire
-- 1 shelf copy
-- policy default
955 ## - COPY-LEVEL INFORMATION (RLIN)
-- jc02 2004-12-07;
-- jc13 2004-12-07 to Dewey
955 ## - COPY-LEVEL INFORMATION (RLIN)
-- pv03 2005-11-23 CIP ver. to BCCD
985 ## -
-- NLMCIP
-- 2004-12-07
Holdings
Withdrawn status Lost status Damaged status Not for loan Home library Current library Shelving location Date acquired Total checkouts Full call number Barcode Date last seen Price effective from Koha item type
        Riverside Riverside General stacks 22/03/2026   611 LOC-RPL-00070 22/03/2026 22/03/2026 Books